000
00316nam a2200133Ia 4500
008
240624s9999 xx 000 0 und d
041
_a
eng
082
_a
823 MAN
100
_a
MANKELL HENNING
245
_a
FIFTH WOMAN
260
_c
2004
_a
London
_b
Vintage Books
300
_a
583 : p. : cm. ; 18
365
_c
BPS
_b
20
999
_c
12675
_d
12675